Teen Wolf Quotes - Statistics

General Stats
  • This quiz has been taken 4,292 times
    4,287 since last reset
  • The average score is 7 of 18
Answer Stats
Hint Answer % Correct
"Call me Biles or i swear to God i will kill you" Stiles
100%
"You've been given something that most people would kill for,. The bite is a gift" Derek
80%
"It's OK. It's OK, it's OK. It's OK, it's perfect. I'm in the arms of my first love. The first person I ever loved. The person I'll always love. I love you, Scott." Allison
72%
"What the hell is a Stiles?" Lydia
71%
"Where are you getting your juice?""my mom does all of the grocery shopping" Jackson and Scott
44%
"Two Joggers found a body in the forest" "A dead body?" "No a body of water, yes you dumb-ass a dead body" Stiles and scott
43%
"It was a different kind of bullet" "A silver bullet?" "no you idiot" Derek and Stiles
42%
"You Faint at the sight of blood?" "No! but i might at the sight of a chopped off arm" Derek and Stiles
42%
"You swing for a different team but you still play ball, don't ya Danny boy." You're a horrible person." "I know. It keeps me awake at night." Stiles and Danny
38%
"Don't feel bad. If she lives, she'll be a werewolf. She'll be incredibly powerful." "Yeah and once a month she'll go out of her freakin' mind and try to tear me apart." "Well, actually, considering she's a woman... twice a month." Peter and Stiles
33%
"Am I going to kill someone?" "probably" Scott and Derek
33%
"Hockey on grass is called field hockey" Chris
32%
"Where do you live?" "In an underground network of caves hidden deep in the woods." "Whoa, really?" "No, you idiot. In an apartment downtown." Stiles and Peter
25%
"Do you want me to run?" "No. I want you to stay and get slaughtered by an alpha with a psychotic foot fetish. Of course I want you to run. Sprint, gallop, leap your way the hell out of this town." Peter and Derek
24%
"Can't Someone in this town stay dead?" "I think they were hoping you would" Peter and Malia
21%
"Try putting the highlighter down between paragraphs. It's chemistry, not a coloring book." Mr Harris
13%
"Who is he?" "That's Peter. Derek's uncle. Little while back, he tried to kill us all. So we set him on fire and Derek slashed his throat." "Hi." "It's good to know." Isaac, Scott and Peter
8%
"I'm gonna go with Scott on this one. I mean, have you seen his mom? She's gorgeous! "Shut up! Peter, derek and scott
5%
No matching quizzes found
Score Distribution
Percent of People with Each Score
Percentile by Number Answered
Your Score History
You have not taken this quiz since the last reset